| 000 | 00421nam a2200193Ia 4500 | ||
|---|---|---|---|
| 008 | 210210b1949 xxu||||| |||| 00| 0 eng d | ||
| 041 | _aeng | ||
| 082 | _a829/213 | ||
| 100 | _aCROMPTON (R) | ||
| 245 | _aWilliam and A R P | ||
| 260 |
_aLondon _bGeorge Newnes Limited _c1949 |
||
| 650 | _aWilliam | ||
| 650 | _aR | ||
| 650 | _aP | ||
| 650 | _aand | ||
| 650 | _aA | ||
| 690 | _aEnglish Fiction | ||
| 906 | _a016820 | ||
| 999 |
_c136516 _d136516 |
||